Normal view
MARC view
Entry Personal Name
001 - CONTROL NUMBER
- control field: 76802
003 - CONTROL NUMBER IDENTIFIER
- control field: dpl
005 - DATE AND TIME OF LATEST TRANSACTION
- control field: 20250121115346.0
008 - FIXED-LENGTH DATA ELEMENTS
- fixed length control field: 250121|| aca||aabn | a|a d
040 ## - CATALOGING SOURCE
- Original cataloging agency: dpl
- Transcribing agency: dpl
100 ## - HEADING--PERSONAL NAME
- Personal name: सूरी, काजल
670 ## - SOURCE DATA FOUND
- Source citation: Work cat.: (dpl)208639: सूरी, काजल , क़िस्से तलाशती जिंदगी; , 2022
